1935 1451 1292 1432 1839 1017 1495 1858 1584 1672 1795 1252 1582 1759 1608 1890 1546 1809 1309 1034 1361 1360 1682 1714 1158 1375 1361 1929 1061 1188 1817 1211 1418 1200 1259 1876 1286 1476 1454 1235 1576 1565 1237 1881 1179 1969 1146 1358 1198 1292 1793 1078 1404 1047 1744 1470 1892 1256 1528 1428 1206 1703 1575 1918 1620 1231 1378 1491 1863 1641 1821 1927 1146 1842 1320 1381 1666 1880 1145 1014 1006 1177 1555 1167 1206 1024 1920 1740 1134 1740 1852 1982 1204 1758 1658 1115 1017 1049 1960 BCNSPRNW ULIB Ver.6.0+V

เปลี่ยนเป็นภาษาไทย

Change to English
 แสดงรายละเอียดบรรณานุกรม
  กลับหน้าหลัก

Brief Record : Get Marc (ISO 2709) : E-mail record : QR code < ปิดหน้าต่าง
LEADER : 00000nam 2200000uu 4500
001    13399128159
003     ULIB
008    220727s2564||||th 000 0 tha d
020 ^- ^a9786160627509
050 04 ^aนว^bฉ231ท
100 ^- ^aฉัตรฉาย
245 ^- ^aทิวาหลอมทราย ชุด ม่านรักฐานันดร/^cฉัตรฉาย
250    ^aพิมพ์ครั้งที่ 1
260 ^- ^aกรุงเทพฯ :^bแจ่มใส,^c2564
300 ^- ^a435 หน้า ;^c21 ซม.
650 ^4 ^aนวนิยายไทย
945    ^p369^l0^i009253
999    ^aประนอม เกษจรัล
รายการนี้ยังไม่มีแท็ก
คุณยังไม่ได้ล็อกอิน คุณสามารถมีกิจกรรมร่วมกับเว็บไซต์ได้ แต่ต้องล็อกอินก่อน ::
  ล็อกอิน

รายการสื่อสารสนเทศ

ลำดับที่ ประเภท เลขเรียก/บาร์โค้ด สถานที่ สถานะ
1. นวนิยาย
นวนิยาย
นว ฉ231ท ฉ.1 
  Barcode: 009253
ห้องสมุดวิทยาเขตสวรรค์ประชารักษ์
►นวนิยาย
บนชั้น
  ขอยืม

รายการใกล้เคียง
    ผู้แต่ง [ฉัตรฉาย]

    หัวเรื่อง [นวนิยายไทย]

BibComment


ยังไม่เคยถูกคอมเมนท์

คอมเมนท์ทรัพยากรรายการนี้
  คอมเมนท์: ทิวาหลอมทราย ชุด..


 Copyright 2026. Bcnsprnw @Library